[Event "Oberwart op"]
[Site "Oberwart"]
[Date "1994.??.??"]
[Round "7"]
[White "Turian, Hans"]
[Black "Morawietz, Dieter"]
[Result "0-1"]
[WhiteElo "2235"]
[BlackElo "2420"]

1.d4 Nf6 2.Bg5 Ne4 3.Bf4 c5 4.f3 Nf6 5.dxc5 Qa5+ 6.Qd2 Qxc5 7.Nc3 d6 8.e4 a6
9.O-O-O e5 10.Be3 Qc7 11.Kb1 Be6 12.g4 h6 13.Nge2 b5 14.Ng3 g6 15.h4 Nbd7
16.Rg1 Nb6 17.Bd3 Rb8 18.Bxb6 Qxb6 19.g5 hxg5 20.hxg5 Nd7 21.Rh1 Rxh1 22.Rxh1 Qa5
23.b3 Rc8 24.Nge2 Bg7 25.Rd1 Nb6 26.Nxb5 Qxd2 27.Nxd6+ Kd7 28.Rxd2 Kxd6 29.Bxa6+ Kc7
30.Bxc8 Bxc8 31.c4 Bf8 32.Nc3 Kc6 33.Nd5 Be6 34.Kb2 Bc5 35.b4 Nxc4+  0-1

[Event "Orel"]
[Site "Orel"]
[Date "1994.??.??"]
[Round "11"]
[White "Popov, Valerij"]
[Black "Zaitsev, Igor A"]
[Result "1/2-1/2"]
[WhiteElo "2395"]
[BlackElo "2430"]

1.d4 Nf6 2.Bg5 Ne4 3.Bf4 Nc6 4.f3 Nf6 5.e4 d6 6.Bb5 Bd7 7.Ne2 Nxd4 8.Bxd7+ Nxd7
9.Nxd4 e5 10.Be3 exd4 11.Bxd4 Be7 12.O-O O-O 13.Nc3 f5 14.exf5 Rxf5 15.Qd3 Rf7
16.Nd5 Bf8 17.c4 Ne5 18.Qe2 Ng6 19.g3 Qd7 20.Rfe1 Qf5 21.f4 c6 22.Ne3 Qe4
23.Nc2 Qf5 24.Qg2 a6 25.Rad1 Qa5 26.Ra1 Rd8 27.Qf2 Qh5 28.Bb6 Rdd7 29.Ne3 Ne5
30.Qe2 Qxe2 31.Rxe2 Ng6 32.Rd1 Ne7 33.b3 Nc8 34.Ba5 h5 35.Ree1 Be7 36.Kg2 g5
37.Rf1 gxf4 38.gxf4 Kh7 39.Rf3 Bf8 40.Rh3 Rxf4 41.Rxh5+ Kg6 42.Rh8 Rdf7 43.Kh1 Rf3
44.Rg1+ Kf6 45.Ng2 Ke6 46.Nh4 Rf1 47.Rxf1 Rxf1+ 48.Kg2 Rf7 49.Nf3 Kd7 50.h4 Ne7
51.h5 Nf5 52.Bd2 Rg7+ 53.Kf2 Be7 54.h6 Rf7 55.Kg2 Bf6 56.Rb8 Ke6 57.Nh2 Rh7
58.Ng4 Bb2 59.Kf3 d5 60.cxd5+ cxd5 61.Re8+ Kf7 62.Re1 Kg8 63.Re8+ Kf7 64.Rd8 Ke6
65.Rf8 Nh4+ 66.Ke2 Ng6 67.Rc8 Kf7 68.Rd8 Ke6 69.Nf2 Ne5 70.Nh3 Nf7 71.Nf4+ Kf5
72.Rxd5+ Be5 73.Nd3 Ke6 74.Ra5 Bc7 75.Ra4 Bd6 76.Rh4 Bf8 77.Rh5 Nxh6 78.Bxh6 Rxh6
79.Nc5+ Kd6  1/2-1/2

[Event "Pardubice op"]
[Site "Pardubice"]
[Date "1994.??.??"]
[Round "3"]
[White "Meduna, Eduard"]
[Black "Tobyas, Miroslav"]
[Result "1-0"]
[WhiteElo "2485"]
[BlackElo "2305"]

1.d4 Nf6 2.Bg5 Ne4 3.Bf4 d6 4.f3 Nf6 5.e4 Nbd7 6.Be3 e5 7.d5 Be7 8.Ne2 O-O
9.c4 c6 10.Nbc3 Nb6 11.Ng3 cxd5 12.cxd5 Ne8 13.Bd3 Bg5 14.Bf2 g6 15.O-O h5
16.Nge2 h4 17.Kh1 Nf6 18.f4 exf4 19.Nxf4 Bxf4 20.Bxb6 Qxb6 21.Rxf4 Ng4 22.Qd2 Qd8
23.Raf1 Ne5 24.h3 f6 25.Rxh4 g5 26.Rh5 Kg7 27.Ne2 Bd7 28.Ng3 Rh8 29.Be2  1-0

[Event "Paris"]
[Site "Paris"]
[Date "1994.??.??"]
[Round "5"]
[White "Chabanon, Jean Luc"]
[Black "Apicella, Manuel"]
[Result "1/2-1/2"]
[WhiteElo "2415"]
[BlackElo "2435"]

1.d4 Nf6 2.Bg5 Ne4 3.Bh4 c5 4.f3 g5 5.fxe4 gxh4 6.e3 Qb6 7.Nc3 Bh6 8.Nf3 Nc6
9.Nd5 Qxb2 10.Bc4 Nb4 11.Rb1 Qxc2 12.Rxb4 Qxd1+ 13.Kxd1 cxb4 14.Nc7+ Kd8
15.Nxa8 e6 16.Ne5 Rf8 17.Ke2 d6 18.Ng4 Bg5 19.Rb1 Bd7 20.Rxb4 Kc8 21.Bb5 Bxb5+
22.Rxb5 f5 23.exf5 Rxf5 24.Rb3 Kb8 25.Rc3 Bd8 26.Nf2 Ba5 27.Rc2 Rf8 28.Ne4 Rd8
29.Kd3 a6 30.Ng5 Re8 31.Nxh7 Kxa8 32.Nf6 Rf8 33.Ne4 d5 34.Ng5 Rf6 35.h3 Kb8
36.Nf3 Rh6 37.e4 dxe4+ 38.Kxe4 Bc7 39.Rc5 Bg3 40.Rg5 Kc7 41.Rg7+ Kc8 42.Kd3 Rf6
43.Rg4 Rh6 44.Nd2 Rh5 45.Nc4 Rh7 46.Rg6 Kd7 47.Ke4 Ke7 48.Na5 Kf7 49.Rg4 Kf6
50.Nc4 Rc7 51.Ne5 Rc2 52.Rg6+ Ke7 53.Rg7+ Ke8 54.Rg8+ Ke7 55.Rg7+ Ke8 56.Rg8+  1/2-1/2

[Event "World op"]
[Site "Philadelphia"]
[Date "1994.??.??"]
[Round "?"]
[White "Fayvinov, Zakhar"]
[Black "Sherzer, Alex"]
[Result "0-1"]
[WhiteElo "2260"]
[BlackElo "2465"]

1.d4 Nf6 2.Bg5 Ne4 3.Bf4 e6 4.Nf3 b6 5.Nbd2 Bb7 6.Nxe4 Bxe4 7.Nd2 Bb7 8.e4 d5
9.Bb5+ c6 10.Bd3 dxe4 11.Bxe4 Qxd4 12.c3 Qf6 13.Bxb8 Rxb8 14.Qa4 Qe5 15.Nf3 Qc7
16.Nd4 b5 17.Qxa7 Qe5 18.Kf1 Bc5 19.Bxc6+ Kf8 20.Qa5 Ra8 21.Qxb5 Ba6 22.Bxa8 Bxb5+
23.Nxb5 Qb8 24.Bc6 Qb6  0-1

[Event "Podebrady"]
[Site "Podebrady"]
[Date "1994.??.??"]
[Round "?"]
[White "Pavlicek, J."]
[Black "Nigrin, J."]
[Result "1/2-1/2"]
[WhiteElo "1875"]
[BlackElo "1900"]

1.d4 Nf6 2.Bg5 Ne4 3.h4 Nxg5 4.hxg5 e6 5.Nh3 d5 6.e3 Nc6 7.c3 g6 8.Nd2 Bg7
9.f4 Qd6 10.Nf2 Ne7 11.g4 b6 12.Bb5+ Bd7 13.a4 c5 14.dxc5 Qxc5 15.Bxd7+ Kxd7
16.Rh3 h5 17.Nde4 Qc7 18.gxh5 Rxh5 19.Rxh5 gxh5 20.Nf6+ Bxf6 21.gxf6 Ng6
22.Qxh5 Rh8 23.Qe2 Kc8 24.a5 Nf8 25.Qa6+ Kb8 26.Qb5 Nh7 27.Qb4 Nxf6 28.Qd4 Rh6
29.axb6 Qxb6 30.Qe5+ Kb7 31.Ra4 Kc6 32.Rb4 Qc7 33.Qd4 Rg6 34.Nd3 Nd7 35.Ra4 Qb6
36.Nb4+ Kb7 37.Kf2 Qxd4 38.cxd4 Nb6 39.Ra1 Rh6 40.Nd3 Rh7 41.Nc5+ Kb8 42.b3 Rh2+
43.Kg3 Re2 44.Kf3 Rh2 45.Re1 Kc7 46.Kg3 Rh7 47.Rc1 Kd6 48.Nb7+ Kd7 49.Ra1 Nc8
50.Nc5+ Kc7 51.Rc1 Kb6 52.Nxe6 Nd6 53.Nc5 Nf5+ 54.Kf3 Rg7 55.Re1 Rg3+ 56.Kf2 Rh3
57.Nd7+ Kc7 58.Ne5 Nd6 59.Rc1+ Kb7 60.Nf3 Ne4+ 61.Ke2 Ng3+ 62.Kd3 Ne4 63.Rf1 Ng3
64.Ng5 Nxf1 65.Nxh3 Kb6 66.Ng5 f5 67.Ne6 a5 68.Ng7 Ng3 69.Kc2 Kb5 70.Kc3 Ne4+
71.Kb2 Nd6 72.Ka3 Kb6 73.Ka4 Ka6 74.Ne6 Kb6 75.Ng7 Ka6 76.Nh5 Ne4 77.Ng7 Nd6
78.b4 axb4 79.Kxb4 Kb6 80.Ka4 Kc6 81.Kb4 Kb6 82.Kc3 Kb5 83.Kb3  1/2-1/2

[Event "CRO-Cup"]
[Site "Pula"]
[Date "1994.??.??"]
[Round "2"]
[White "Klaric, Zlatko"]
[Black "Sale, Srdjan"]
[Result "1-0"]
[WhiteElo "2415"]
[BlackElo "2405"]

1.d4 Nf6 2.Bg5 Ne4 3.Bf4 c5 4.d5 Qb6 5.Nc3 Qxb2 6.Nxe4 Qb4+ 7.Qd2 Qxe4 8.Nf3 Na6
9.a3 d6 10.e3 Nc7 11.c4 Qg6 12.h3 h6 13.Bd3 Qf6 14.O-O g5 15.Bg3 Bg7 16.e4 Qc3
17.Qe3 O-O 18.Rac1 Qa5 19.e5 dxe5 20.Nxe5 Ne8 21.f4 Qb6 22.fxg5 hxg5 23.Qxg5 Qh6
24.Qxe7 Nf6 25.Qxc5 Nh5 26.Bh2 Bxh3 27.Qf2 Rae8 28.Rce1 Qg5 29.Nf3 Qg4 30.Kh1 Rxe1
31.Rxe1 Bc3 32.Re4 Qd7 33.gxh3 Qxh3 34.Rh4  1-0

[Event "Reno op"]
[Site "Reno"]
[Date "1994.??.??"]
[Round "?"]
[White "Orlov, Georgi"]
[Black "Balinas, Rosendo Carrean"]
[Result "1-0"]
[WhiteElo "2515"]
[BlackElo "2350"]

1.d4 Nf6 2.Bg5 Ne4 3.h4 d5 4.Nd2 Nxg5 5.hxg5 Bf5 6.e3 e6 7.g4 Bg6 8.f4 c5
9.Ngf3 Nc6 10.c3 cxd4 11.cxd4 Qb6 12.Qb3 Qxb3 13.axb3 Bb4 14.Bb5 O-O 15.Ke2 Bxd2
16.Nxd2 Nb4 17.Ra4 a5 18.Rc1 b6 19.Rc3 Ra7 20.Ra1 f6 21.gxf6 gxf6 22.Rg1 Rg7
23.Kf2 e5 24.f5 Be8 25.Bxe8 Rxe8 26.dxe5 fxe5 27.e4 d4 28.Rcg3 Rc7 29.Ke2 Rec8
30.g5 Rc1 31.R1g2 R1c2 32.g6 h5 33.f6 h4 34.Rg5 h3 35.R2g3 R2c6 36.f7+ Kg7
37.Rxe5 Rf8 38.Re8 Rc8 39.Rxf8 Rxf8 40.Nf3 d3+ 41.Kd2 Rc8 42.Rxh3 Nc6 43.Rg3 Kf6
44.Kxd3 Rd8+ 45.Ke3 Ne7 46.e5+ Kg7 47.Ke4 Rh8 48.e6 Rh5 49.Ne5 Rh4+ 50.Rg4 Rxg4+
51.Nxg4 Nxg6 52.Ne5 Ne7 53.Nd7 Ng6 54.Kd5  1-0

[Event "Sala op"]
[Site "Sala"]
[Date "1994.??.??"]
[Round "7"]
[White "Obsivac, Josef"]
[Black "Zagorskis, Darius"]
[Result "1/2-1/2"]
[WhiteElo "2450"]
[BlackElo "2420"]

1.d4 Nf6 2.Bg5 Ne4 3.Bh4 c6 4.f3 Qa5+ 5.Nd2 Qh5 6.Nxe4 Qxh4+ 7.g3 Qh6 8.f4 d5
9.Nf2 c5 10.c3 Qb6 11.Qb3 cxd4 12.Qxb6 axb6 13.cxd4 Nc6 14.Nf3 Nb4 15.Kd2 e6
16.e3 Bd6 17.Bd3 Rxa2 18.Rxa2 Nxa2 19.Ra1 Nb4 20.Bb5+ Ke7 21.Ne5 f6 22.Ned3 Nc6
23.Nd1 Bd7 24.Nc3 g6 25.Ra4 Rc8 26.Ra2 Be8 27.Bxc6 bxc6 28.Ra6 Bc7 29.Na4 Rb8
30.Ra7 Kd6 31.Nb4 c5 32.Na6 Rc8 33.dxc5+ bxc5 34.N6xc5 Bb5 35.b4 e5 36.Nc3 Bc4
37.N5a4 Rb8 38.b5 Bxb5 39.Nxb5+ Rxb5 40.Ra6+ Ke7 41.Rc6 Bd8 42.Kd3 Ra5 43.Nc5 Ra3+
44.Ke2 Ra2+ 45.Kf1 Rc2 46.fxe5 fxe5 47.h3 Ba5 48.Re6+ Kf7 49.Rc6 e4 50.Nd7 Rxc6
51.Ne5+ Ke6 52.Nxc6 Bc3 53.Na7 Kd7 54.Ke2 Bb2 55.Kd2 Kc7 56.Kc2 Kb7 57.Nb5 Kb6
58.Nd6 Be5  1/2-1/2

[Event "San Bernardino op"]
[Site "San Bernardino"]
[Date "1994.??.??"]
[Round "?"]
[White "Weindl, Alfred"]
[Black "Gallagher, Joseph G"]
[Result "1-0"]
[WhiteElo "2355"]
[BlackElo "2470"]

1.d4 Nf6 2.Bg5 Ne4 3.Bf4 c5 4.d5 Qb6 5.Nd2 Qxb2 6.Nxe4 Qb4+ 7.Qd2 Qxe4 8.e3 Qb4
9.c3 Qa5 10.Bd3 d6 11.Nf3 g6 12.h4 Bg7 13.Rc1 Bg4 14.h5 Bxf3 15.gxf3 Nd7
16.c4 Qxd2+ 17.Kxd2 O-O-O 18.Rh3 Bf6 19.Bh6 Kc7 20.f4 a6 21.Bg5 Rb8 22.Rb1 Bxg5
23.fxg5 f6 24.gxf6 Nxf6 25.hxg6 hxg6 26.Rxh8 Rxh8 27.Rg1 Rh2 28.Ke2 b5 29.Rxg6 Rh4
30.cxb5 axb5 31.Bxb5 Nxd5 32.a4 Nc3+ 33.Kd3 Nxb5 34.axb5 Rb4 35.f4 Rxb5 36.Kc3 Rb1
37.Rh6 Kd7 38.Kc2 Ra1 39.Kd2 Ra3 40.Rg6 Rb3 41.Rh6 c4 42.f5 d5 43.f6 e6 44.Rh8 Rb2+
45.Ke1 Rb1+ 46.Kf2 Rb2+ 47.Kg3 Rb3 48.f7 Rxe3+ 49.Kf2 Re5 50.f8=Q Rf5+ 51.Qxf5 exf5
52.Ke3 Kc6 53.Kd4  1-0

[Event "San Mateo"]
[Site "San Mateo"]
[Date "1994.??.??"]
[Round "?"]
[White "Mortazavi, Ali"]
[Black "Shaked, Tal"]
[Result "1/2-1/2"]
[WhiteElo "2350"]
[BlackElo "2370"]

1.d4 Nf6 2.Bg5 Ne4 3.Bf4 d5 4.Nd2 Bf5 5.e3 e6 6.Bd3 Bd6 7.Ne2 Nd7 8.Nxe4 dxe4
9.Bc4 Bg4 10.h3 Bxe2 11.Qxe2  1/2-1/2

[Event "Sevilla op"]
[Site "Sevilla"]
[Date "1994.??.??"]
[Round "3"]
[White "Bellon Lopez, Juan Manuel"]
[Black "Castillo Gallego, Sergio"]
[Result "1-0"]
[WhiteElo "2460"]
[BlackElo "2180"]

1.d4 Nf6 2.Bg5 Ne4 3.h4 c5 4.d5 g6 5.Qd3 Nxg5 6.Qc3 Ne4 7.Qxh8 Qa5+ 8.c3 Qb6
9.b3 d6 10.Nf3 Nd7 11.Nbd2 Nxd2 12.Kxd2 Nf6 13.Ng5 c4 14.e3 cxb3 15.Bd3 Bf5
16.Bxf5 gxf5 17.Nxh7 Nxh7 18.Qxh7 Qa5 19.axb3 Qxd5+ 20.Ke2 e6 21.Qh8 Qxb3
22.Qd4 Rc8 23.Rxa7 Rc4 24.Rxb7 Qxb7 25.Qxc4 Qb2+ 26.Kf3 Qb7+ 27.Kg3 d5 28.Qa4+ Kd8
29.Ra1 Qc7+ 30.Kh3 Qxc3 31.Qa8+ Qc8 32.Qxc8+  1-0

[Event "SLO-sf"]
[Site "?"]
[Date "1994.??.??"]
[Round "?"]
[White "Soln, Primoz"]
[Black "Kragelj, Igor"]
[Result "1/2-1/2"]
[WhiteElo "2250"]
[BlackElo "2250"]

1.d4 Nf6 2.Bg5 Ne4 3.Bf4 d5 4.Nd2 Nxd2 5.Qxd2 Bf5 6.e3 e6 7.Bd3 Bxd3 8.Qxd3 c5
9.dxc5 Qa5+ 10.c3 Qxc5 11.Ne2 Be7 12.O-O O-O 13.a4 Bf6 14.Rfd1 Nc6 15.Bg3 Ne5
16.Bxe5 Bxe5 17.Nd4 Rac8 18.Rd2  1/2-1/2

[Event "Wch U26"]
[Site "Sofia"]
[Date "1994.??.??"]
[Round "4"]
[White "Kosic, Dragan"]
[Black "Tzermiadianos, Andreas"]
[Result "1/2-1/2"]
[WhiteElo "2515"]
[BlackElo "2350"]

1.d4 Nf6 2.Bg5 Ne4 3.h4 d5 4.Nd2 Bf5 5.Nxe4 Bxe4 6.f3 h6 7.Bf4 Bh7 8.e3 e6
9.Bd3 Bxd3 10.Qxd3 Nd7 11.O-O-O Be7 12.g3 c5 13.e4 dxe4 14.Qxe4 Qb6 15.d5 O-O-O
16.d6 Bf6 17.c3 g5 18.Be3 Qa5 19.Qc4 Kb8 20.Ne2 Ne5 21.Qxc5 Qxa2 22.hxg5 hxg5
23.Rxh8 Qa1+ 24.Kc2 Qa4+  1/2-1/2

[Event "Wch U26"]
[Site "Sofia"]
[Date "1994.??.??"]
[Round "5"]
[White "Drazic, Sinisa"]
[Black "Kotsur, Pavel"]
[Result "1-0"]
[WhiteElo "2405"]
[BlackElo "2455"]

1.d4 Nf6 2.Bg5 Ne4 3.Bf4 c5 4.dxc5 Nxc5 5.Nc3 d6 6.e4 Nc6 7.Qd2 a6 8.f3 b5
9.Nge2 Bb7 10.a4 Qa5 11.Nd5 b4 12.Nc1 e6 13.Ne3 Rd8 14.Nb3 Nxb3 15.cxb3 Qh5
16.O-O-O Be7 17.Kb1 O-O 18.h4 Qc5 19.h5 Na5 20.Ka2 d5 21.Rc1 Qa7 22.exd5 Bxd5
23.Nxd5 Rxd5 24.Qe2 Bf6 25.h6 g6 26.Rc2 Ra8 27.Qe1 Qb7 28.Qc1 Qd7 29.Rc7 Qe8
30.Be2 Bd4 31.Rd1 Bb6 32.Rc2 Rxd1 33.Qxd1 Nb7 34.Qc1 e5 35.Bg5 a5 36.Bd3 Qf8
37.Be4 Qb8 38.Rc6 Bd8 39.Bxd8 Nxd8 40.Rc5 Ra7 41.Qc4 Qd6  1-0

[Event "Wch U26"]
[Site "Sofia"]
[Date "1994.??.??"]
[Round "6"]
[White "Markovic, Ivan"]
[Black "Tzermiadianos, Andreas"]
[Result "1/2-1/2"]
[WhiteElo "2400"]
[BlackElo "2350"]

1.d4 Nf6 2.Bg5 Ne4 3.h4 d5 4.Nd2 Bf5 5.Nxe4 Bxe4 6.f3 h6 7.fxe4 hxg5 8.Nf3 g4
9.Ne5 dxe4 10.e3 Nd7 11.Qxg4 Nxe5 12.dxe5 e6 13.Bc4 c6 14.Qxe4 Rh5 15.c3 Qc7
16.O-O-O Rxe5 17.Qf4 Bd6 18.Rhf1 f6 19.Qg4 Qe7 20.Qg6+ Kf8 21.g4 Rd8 22.Rf3 Qf7
23.Qc2  1/2-1/2

[Event "Wch U26"]
[Site "Sofia"]
[Date "1994.??.??"]
[Round "7"]
[White "Knezevic, Bojan"]
[Black "Claesen, Pieter"]
[Result "0-1"]
[WhiteElo "2385"]
[BlackElo "2275"]

1.d4 Nf6 2.Bg5 Ne4 3.h4 d5 4.Nd2 Nxg5 5.hxg5 c5 6.dxc5 e5 7.e4 Nc6 8.Ngf3 Bg4
9.Rh4 h5 10.Bb5 Be7 11.Nb3 d4 12.Qd3 Bxg5 13.Rh1 Bf6 14.O-O-O Qc7 15.Kb1 O-O-O
16.Rde1 Ne7 17.Nfd2 Ng6 18.g3 Be7 19.c6 bxc6 20.Ba6+ Kd7 21.f4 Ke8 22.f5 Nf8
23.Nf3 Nd7 24.Nh2 Nf6 25.Qd2 Qb6 26.Nxg4 Nxg4 27.Be2 Nf6 28.Qd3 Bb4 29.Reg1 Ke7
30.Rh4 a5 31.Rgh1 a4 32.Nd2 Bxd2 33.Qxd2 Rb8 34.Qc1 c5 35.Bxh5 c4 36.Be2 Rhc8
37.Ka1 d3 38.Bf3 d2 39.Qb1 c3 40.bxc3 Qc5  0-1

[Event "St Affrique op"]
[Site "St Affrique"]
[Date "1994.??.??"]
[Round "?"]
[White "Lebel Arias, Julia"]
[Black "Lane, Gary W"]
[Result "1-0"]
[WhiteElo "2080"]
[BlackElo "2440"]

1.d4 Nf6 2.Bg5 Ne4 3.h4 c5 4.d5 Qa5+ 5.c3 e5 6.Qc2 Nxg5 7.hxg5 g6 8.e4 d6
9.g3 Qd8 10.f4 f6 11.Nf3 Bg7 12.Na3 Bg4 13.Bb5+ Kf8 14.Nh2 Bc8 15.gxf6 Qxf6
16.O-O-O a6 17.Rdf1 exf4 18.Kb1 Bh6 19.Bd3 Kg7 20.gxf4 Bxf4 21.Nc4 b5 22.e5 dxe5
23.Nd2 Bh3 24.Ne4 Qd8 25.Nxc5 Qe7 26.Rf3 Qxc5 27.Rxh3 Nd7 28.Ng4 Raf8 29.Qg2 Qd6
30.Nh6 Qf6 31.Nf5+ Kg8 32.d6 Qe6 33.Be4 Nb6 34.Rxh7 Rxh7 35.Rxh7  1-0

[Event "St Ingbert op"]
[Site "St Ingbert"]
[Date "1994.??.??"]
[Round "9"]
[White "Jung, Karl Otto"]
[Black "Pirrot, Dieter"]
[Result "0-1"]
[WhiteElo "2230"]
[BlackElo "2395"]

1.d4 Nf6 2.Bg5 Ne4 3.h4 h6 4.Bf4 c5 5.dxc5 Qa5+ 6.Nd2 Nxd2 7.Qxd2 Qxc5 8.e4 d6
9.c3 e5 10.Be3 Qc7 11.Bb5+ Nd7 12.Ne2 a6 13.Ba4 b5 14.Bb3 Nb6 15.Bxb6 Qxb6
16.Bxf7+ Kxf7 17.Qd5+ Be6 18.Qxa8 Rg8 19.a4 bxa4 20.Rxa4 Qxb2 21.Qa7+ Be7
22.Qe3 Qc2 23.Rxa6 Rb8 24.Ra1 Bc4 25.Qd2 Qxd2+ 26.Kxd2 Rb2+ 27.Ke3 Rxe2+
28.Kf3 d5 29.Rhe1 Rxe1 30.Rxe1 Bxh4 31.g3 Be7 32.exd5 Bxd5+ 33.Kg4 Ke6 34.f4 e4
35.c4 Bc6 36.Ra1 Bc5 37.Ra5 Kd6 38.f5 e3 39.Ra2 Be4 40.Kf4 Bd3 41.Ra6+ Kd7
42.Ra5 Kc6 43.Ra6+ Kb7  0-1

[Event "St Petersburg op"]
[Site "St Petersburg"]
[Date "1994.??.??"]
[Round "1"]
[White "Popov, Valerij"]
[Black "Neverov, Valeriy"]
[Result "1-0"]
[WhiteElo "2395"]
[BlackElo "2530"]

1.d4 Nf6 2.Bg5 Ne4 3.Bf4 d5 4.e3 e6 5.Nd2 Nxd2 6.Qxd2 Be7 7.Bd3 O-O 8.c3 c5
9.h4 Nc6 10.Nf3 f5 11.a3 c4 12.Bc2 b5 13.Ke2 a5 14.h5 Ra7 15.Ne5 Nxe5 16.Bxe5 Bd6
17.f4 Rb7 18.g4 b4 19.axb4 axb4 20.Kf3 b3 21.Bb1 Bxe5 22.dxe5 d4 23.cxd4 Rc7
24.Kg3 Bb7 25.Rf1 g5 26.Ra7 Kh8 27.h6 Rg8 28.e4 Rd7 29.Rxb7 Rxb7 30.exf5 Rd7
31.Rd1 gxf4+ 32.Qxf4 Rf7 33.d5 exf5 34.Bxf5 Qc7 35.e6  1-0

[Event "St Petersburg op"]
[Site "St Petersburg"]
[Date "1994.??.??"]
[Round "1"]
[White "Ionov, Sergey"]
[Black "Umanskaya, Irina"]
[Result "1-0"]
[WhiteElo "2505"]
[BlackElo "2345"]

1.d4 Nf6 2.Bg5 Ne4 3.Bf4 c5 4.f3 Nf6 5.dxc5 Qa5+ 6.Nc3 Qxc5 7.e4 d6 8.Qd2 a6
9.Nge2 Nbd7 10.Be3 Qc7 11.Nd5 Nxd5 12.exd5 Nf6 13.O-O-O b5 14.h4 Bb7 15.Nf4 Rc8
16.Kb1 g6 17.g4 Nxd5 18.Nxd5 Bxd5 19.Qxd5 Qxc2+ 20.Ka1 Bg7 21.Rb1 O-O 22.Bd3 Qa4
23.Qb3 Qa5 24.h5 e6 25.hxg6 hxg6 26.Bxg6  1-0

[Event "St Petersburg op2"]
[Site "St Petersburg"]
[Date "1994.??.??"]
[Round "4"]
[White "Aleksandrov, Aleksej"]
[Black "Notkin, Maksim"]
[Result "0-1"]
[WhiteElo "2525"]
[BlackElo "2465"]

1.d4 Nf6 2.Bg5 Ne4 3.Bh4 g5 4.Bg3 d6 5.Nd2 Nxg3 6.hxg3 Bg7 7.c3 h6 8.e4 c5
9.dxc5 dxc5 10.Qc2 Qc7 11.O-O-O Bg4 12.Be2 Be6 13.Bc4 Nd7 14.Bxe6 fxe6 15.e5 O-O
16.Ngf3 Rf5 17.g4 Rxe5 18.Nxe5 Nxe5 19.Nf3 Nxg4 20.Kb1 Qc6 21.Rd2 Nf6 22.Re1 Nd5
23.Ne5 Qe8 24.c4 Nb4 25.Qe4 Rd8 26.Qg6 Qxg6+ 27.Nxg6 Rxd2  0-1

[Event "St Petersburg op2"]
[Site "St Petersburg"]
[Date "1994.??.??"]
[Round "5"]
[White "Beshukov, Sergei"]
[Black "Karasev, Vladimir I"]
[Result "1-0"]
[WhiteElo "2495"]
[BlackElo "2405"]

1.d4 Nf6 2.Bg5 Ne4 3.Bf4 d5 4.f3 Nd6 5.Nc3 Nf5 6.Qd2 e6 7.O-O-O Bb4 8.e4 Ne7
9.Nge2 c6 10.h4 b6 11.a3 Bd6 12.Bxd6 Qxd6 13.e5 Qd8 14.h5 Ba6 15.h6 g6 16.Nf4 Bxf1
17.Rdxf1 c5 18.Nb5 cxd4 19.Nd6+ Kf8 20.g4 Nbc6 21.Nxe6+ fxe6 22.Qf4+ Nf5
23.gxf5 exf5 24.Nxf5 gxf5 25.Qxf5+ Ke8 26.e6 Qd6 27.Rhg1 Ne7 28.Qf7+ Kd8
29.Rg7 Rc8 30.f4 d3 31.f5 Rxc2+ 32.Kb1 Re8 33.f6 Qe5 34.Qxe7+  1-0

[Event "St Petersburg op2"]
[Site "St Petersburg"]
[Date "1994.??.??"]
[Round "6"]
[White "Chepukaitis, Genrikh"]
[Black "Shipov, Sergei"]
[Result "1/2-1/2"]
[WhiteElo "2265"]
[BlackElo "2525"]

1.d4 Nf6 2.Bg5 Ne4 3.Bh4 c6 4.c3 d5 5.f3 Nd6 6.Nd2 Bf5 7.g4 Bg6 8.Nh3 Nd7
9.Bg3 h6 10.Nf4 Bh7 11.Bg2 e6 12.e4 Nb6 13.Qe2 Be7 14.O-O O-O 15.Nh5 Ndc4
16.Nxc4 Nxc4 17.b3 Na3 18.Be5 f6 19.Bg3 Nb5 20.Qe3 Ba3 21.Rf2 c5 22.dxc5 d4
23.cxd4 Qxd4 24.Qxd4 Nxd4 25.Bd6 Rfc8 26.e5 fxe5 27.Bxe5 Bxc5 28.Rd1 Nc6
29.Bxg7 Bg6 30.Bxh6 Bxh5 31.gxh5 Rd8 32.Rc1 Bxf2+ 33.Kxf2 Rd5 34.Bh3 Kf7
35.Bg4 Ne5 36.Kg3 Rad8 37.h3 R8d7 38.Re1 R7d6 39.Bf4 Nd3 40.Bxd6 Nxe1 41.Bb8 a5
42.h6 Nd3 43.f4 e5 44.Bh5+ Kf6 45.fxe5+ Nxe5 46.Bc7 a4 47.bxa4 Rd3+ 48.Kf4 Rd4+
49.Ke3 Rd7 50.Bxe5+ Kxe5 51.Bg6 Rd4  1/2-1/2

[Event "St Petersburg op2"]
[Site "St Petersburg"]
[Date "1994.??.??"]
[Round "7"]
[White "Beshukov, Sergei"]
[Black "Kochetkov, German"]
[Result "1-0"]
[WhiteElo "2495"]
[BlackElo "2455"]

1.d4 Nf6 2.Bg5 Ne4 3.Bf4 c5 4.f3 Nf6 5.dxc5 Nc6 6.e4 e5 7.Be3 b6 8.cxb6 d5
9.exd5 Nxd5 10.Bf2 axb6 11.Bb5 Bb7 12.Nc3 Bb4 13.Ne2 O-O 14.O-O Nxc3 15.Nxc3 Nd4
16.Bd3 Qc8 17.Nb5 Nxb5 18.Bxb5 Rd8 19.Bd3 e4 20.fxe4 Bxe4 21.Qe2 Bxd3 22.cxd3 Bc5
23.Kh1 Bxf2 24.Qxf2 Qe6 25.Rfe1 Qd6 26.Re3 Ra5 27.Qe2 g6 28.a3 Rd5 29.Rd1 Kg7
30.Qd2 Rc8 31.b4 b5 32.h3 Qf6 33.Rf3 Qd4 34.Rc1 Rc4 35.Rcf1 Rc7 36.Rc1 Rc4
37.Rcf1 Rc7 38.Qf2 f5 39.Qg3 Rc3 40.Re1 Rxa3 41.Re7+ Kh6 42.Qc7 Ra1+ 43.Kh2 Qg1+
44.Kg3 Re1 45.Rxh7+ Kg5 46.h4+ Kf6 47.Rf7+  1-0

[Event "St Petersburg op2"]
[Site "St Petersburg"]
[Date "1994.??.??"]
[Round "8"]
[White "Chepukaitis, Genrikh"]
[Black "Nadyrhanov, S."]
[Result "0-1"]
[WhiteElo "2265"]
[BlackElo "2575"]

1.d4 Nf6 2.Bg5 Ne4 3.Bh4 c5 4.f3 g5 5.fxe4 gxh4 6.e3 Bh6 7.Kf2 cxd4 8.exd4 Qb6
9.Nc3 e6 10.Nf3 Nc6 11.e5 Bg7 12.Na4 Qd8 13.Nc5 d6 14.exd6 Qxd6 15.c3 e5
16.Ne4 Qg6 17.Qe1 O-O 18.d5 Ne7 19.d6 Nf5 20.Rd1 Rd8 21.Bd3 Kh8 22.Bb1 Nh6
23.Nxh4 Ng4+ 24.Kg1 Qh6 25.Nf3 f5 26.Neg5 Qf6 27.h3 Nh6 28.g4 Rxd6 29.Rxd6 Qxd6
30.gxf5 Qf6 31.Rh2 Bxf5 32.Rd2 Rg8 33.Rg2 Rf8 34.Be4 Nf7 35.Nxf7+ Qxf7 36.Ng5 Qf6
37.Bxf5 Qxf5 38.Qe4 Bh6 39.Qxf5 Rxf5 40.Ne4 Be3+ 41.Kh2 Bf4+ 42.Kh1 Rh5 43.Rg8+ Kxg8
44.Nf6+ Kf7 45.Nxh5 Bc1 46.b3 Bb2 47.Kg2 Bxc3 48.Ng3 Ke6 49.Ne4 Bb4 50.Kf3 Kf5
51.Ng3+ Kg5 52.Ne4+ Kh4 53.Kg2 Be7 54.Nd2 Kg5 55.Kf3 Kf5 56.Ne4 Ke6 57.Ke3 h6
58.Kd3 Ba3 59.Ng3 Kd5 60.Ne4 Be7 61.Nc3+ Kc5 62.Ne4+ Kb4 63.Kc2 Ka3 64.Kb1 Bb4
65.Nf2 Bc5 66.Ne4 b6 67.Nf6 a5 68.Ne4 a4 69.bxa4 Kxa4 70.Nf6 Be3 71.Kc2 Ka3
72.Kb1 Bc5 73.Ng4 e4 74.Nxh6 e3 75.Kc2 Kxa2 76.Nf5 b5 77.Ng3 b4 78.Ne2 b3+
79.Kd3 b2 80.Nc3+ Kb3 81.Nb1 Bb4  0-1

[Event "SWZ-chT"]
[Site "SWZ"]
[Date "1994.??.??"]
[Round "4"]
[White "Manevich, Victor"]
[Black "Sutter, Oliver"]
[Result "0-1"]
[WhiteElo "2150"]
[BlackElo "2260"]

1.d4 Nf6 2.Bg5 Ne4 3.Bf4 d5 4.e3 Bf5 5.f3 Nf6 6.g4 Bg6 7.h4 h6 8.h5 Bh7 9.Bd3 Bxd3
10.Qxd3 c6 11.Nd2 e6 12.O-O-O Bd6 13.Ne2 Na6 14.c4 Bxf4 15.Nxf4 dxc4 16.Nxc4 Nd5
17.Nxd5 Qxd5 18.e4 Qg5+ 19.Kb1 O-O 20.Qb3 Rab8 21.Ne5 Rfd8 22.Ka1 c5 23.Qc3 cxd4
24.Rxd4 Rdc8 25.Rc4 Rxc4 26.Nxc4 Rc8 27.Qd4 e5 28.Qd5 Nb4 29.Qb5 Nc2+ 30.Kb1 Nd4
31.Qd5 Nxf3 32.b3 Qxg4 33.Qxb7 Ng5 34.Re1 Rd8 35.Qc7 Rd1+ 36.Rxd1 Qxd1+ 37.Kb2 Qe2+
38.Ka3 Qxe4 39.Qxa7 Ne6 40.Qb8+ Kh7 41.Nxe5 Nd4 42.Nc4 Qb1 43.Qg3 Nc2+ 44.Ka4 Qxa2+
45.Kb5 Nd4+ 46.Kb4 Qe2 47.Qf4 Qe1+ 48.Nd2 Qe7+ 49.Kc4 Ne6 50.Qe4+ Kg8 51.b4 Qc7+
52.Kb3 Qd8 53.Nf3 Qb8 54.Kc4 Qc7+ 55.Kb3 Kf8 56.Nd4 Nd8 57.Nf5 Qb7 58.Qd4 Ne6
59.Qd6+ Kg8 60.Ne7+ Kh7 61.Nd5 Qb5 62.Nc7 Nxc7 63.Qxc7 Qxh5 64.Ka4 Qd1+ 65.Ka5 Qa1+
66.Kb6 Qd4+ 67.Ka5 Qa1+ 68.Kb6 f5 69.b5 Qf6+ 70.Ka7 f4 71.b6 f3 72.Qc2+ g6
73.b7 f2 74.Qc7+ Qg7 75.Qc4 Qa1+ 76.Kb6 f1=Q 77.Qc7+ Qg7 78.b8=Q Qb1+ 79.Ka5 Qxb8
80.Qxb8 Qa1+  0-1

[Event "Szekszard op"]
[Site "Szekszard"]
[Date "1994.??.??"]
[Round "7"]
[White "Scekic, Milos"]
[Black "Groszpeter, Attila"]
[Result "1/2-1/2"]
[WhiteElo "2290"]
[BlackElo "2520"]

1.d4 Nf6 2.Bg5 Ne4 3.h4 h6 4.Bf4 d5 5.Nd2 Bf5 6.Nxe4 Bxe4 7.f3 Bh7 8.e3 c6
9.Bd3 Bxd3 10.Qxd3 Qa5+ 11.c3 Nd7 12.Ne2 e6 13.e4 Be7 14.Bd2 Rd8 15.e5 Qb5
16.Qxb5 cxb5 17.a4 bxa4 18.Rxa4 a6 19.b3 Rc8 20.Nf4 Rc6 21.Ke2 Rb6 22.b4 Rb5
23.Nd3 Nb6 24.Ra2 Nc4 25.h5 Kd7 26.g4 a5 27.bxa5 Rxa5 28.Rxa5 Nxa5 29.f4 Nc4
30.Ra1 g6 31.Rh1 gxh5 32.Rxh5 Rg8 33.Nf2 Ra8 34.Be1 Bf8 35.Nd3 Ra2+ 36.Kf3 Rc2
37.g5 hxg5 38.fxg5 Be7 39.Rh7 Ke8 40.Rh8+ Kd7 41.Rh7 Ke8 42.g6 fxg6 43.Nf4 Rc1
44.Ke2 Rc2+ 45.Kf3 Rc1 46.Ke2 Rc2+ 47.Kf3  1/2-1/2

[Event "ISR-ch"]
[Site "Tel Aviv"]
[Date "1994.??.??"]
[Round "6"]
[White "Soffer, Ram"]
[Black "Mikhalevski, Victor"]
[Result "1-0"]
[WhiteElo "2515"]
[BlackElo "2530"]

1.d4 Nf6 2.Bg5 Ne4 3.Bf4 c5 4.f3 Qa5+ 5.c3 Nf6 6.Nd2 cxd4 7.Nb3 Qb6 8.Qxd4 Nc6
9.Qxb6 axb6 10.Nd4 e5 11.Nxc6 exf4 12.Nd4 Nd5 13.g3 g5 14.e4 Ne3 15.Bb5 Bg7
16.Nge2 Kf8 17.Kd2 d5 18.gxf4 Ng2 19.fxg5 h6 20.g6 fxg6 21.exd5 Ke7 22.Rhg1 Bh3
23.Bd3 Rhd8 24.Bxg6 Rxd5 25.Be4 Rd7 26.f4 Bxd4 27.cxd4 Rg8 28.Rac1 Kf6 29.Rc3 Re7
30.Rxh3 Rxe4 31.Rxh6+ Kf7 32.Rxb6 Re7 33.Rh6 Ke8 34.Nc3 Rgg7 35.Nd5 Ref7
36.Rc1 Kd8 37.Rd6+ Rd7 38.Rxd7+ Rxd7 39.Rg1 Rxd5 40.Rxg2 Rxd4+ 41.Ke3 Ra4
42.a3 Ra6 43.h4 Rh6 44.Rh2 Ke7 45.h5 Kf6 46.Ke4 Kg7 47.Rg2+ Kh7 48.Rg6  1-0

[Event "Czerniak mem"]
[Site "Tel Aviv"]
[Date "1994.??.??"]
[Round "8"]
[White "Henderson, John B"]
[Black "Godes, Dmitry R"]
[Result "0-1"]
[WhiteElo "2185"]
[BlackElo "2405"]

1.d4 Nf6 2.Bg5 Ne4 3.Bf4 e6 4.e3 b6 5.Bd3 Bb7 6.Nf3 Be7 7.Nbd2 Nxd2 8.Nxd2 d6
9.O-O Nd7 10.h3 O-O 11.c4 e5 12.Bh2 f5 13.b4 Qe8 14.Rb1 Qg6 15.f3 Bg5 16.Re1 Rae8
17.d5 e4 18.fxe4 fxe4 19.Bc2 Bc8 20.Ba4 Re7 21.Qe2 Nf6 22.Rf1 Ref7 23.Bc2 h5
24.Kh1 h4 25.c5 Bf5 26.cxd6 cxd6 27.Bxd6 Rd8 28.Be5 Nxd5 29.Bb3 Qe6 30.Bd4 Bg6
31.Qg4 Qxg4 32.hxg4 Rxf1+ 33.Rxf1 Kh7 34.Bxd5 Rxd5 35.Rc1  0-1